000 00862nam a22002897a 4500
003 CHAP
005 20220329135704.0
008 971013s1991 r 00010 d
010 _a40610
011 _a41582
035 _a45708
040 _cCHAP
082 _a595.799
_bB3 1991
100 0 0 _aBailey, Leslie.
_99444
245 _aHoney bee pathology
250 _a2 ed.
260 _aLondon :
_bAcademic Press,
_c1991
300 _a193 p.
590 _aBATCH-UPD
_b10
_c20130110
_lUCH01
_h2006
590 _aCONVERSION
_b10
_c20130109
_lUCH01
_h1322
650 1 4 _aAbejas
_xEnfermedades.
_9186
700 0 _aBall, B.V.
_99705
901 _aBK
942 _cLIBRO
949 _a595.799 B3 1991
_bBC
_cLIBRO
_d33724000001400
_eLIBRO
_gI.175612
_h88626
_i45708
_si
_t175.90
949 _a595.799 B3 1991
_bBC
_cLIBRO
_d33724000083317
_eLIBRO
_fc.2
_h89994
_i45708
_si
_t647.00
999 _c40610
_d40610